000 00443nam a2200205Ia 4500
001 14394
003 GE_BSU
008 181216s||||||||xx |||||||||||||| ||und||
020 _a0706438434
040 _cGE_BSU
080 _a641
100 _aNewman,Rhona
245 _aCheesecakes & Savouries
260 _aLondon
260 _bOctopus Books
260 _c1982
300 _a95p.22cm.
653 _aCheesecakes & Savouries
942 _cBK
999 _c47530
_d47530